The doctrine of the Holy Spirit in the major Reformed confessions and catechisms of the sixteenth and seventeenth centuries / (Record no. 36372)
[ view plain ]
| 000 -LEADER | |
|---|---|
| fixed length control field | 00785nam a22002057a 4500 |
| 005 - DATE AND TIME OF LATEST TRANSACTION | |
| control field | 20140520110336.0 |
| 008 - FIXED-LENGTH DATA ELEMENTS--GENERAL INFORMATION | |
| fixed length control field | 130405b enk||||| |||| 00| 0 eng d |
| 020 ## - INTERNATIONAL STANDARD BOOK NUMBER | |
| International Standard Book Number | 190771328X |
| 020 ## - INTERNATIONAL STANDARD BOOK NUMBER | |
| International Standard Book Number | 9781907713286 |
| 100 ## - MAIN ENTRY--PERSONAL NAME | |
| Personal name | Adhinarta, Yuzo. |
| 245 ## - TITLE STATEMENT | |
| Title | The doctrine of the Holy Spirit in the major Reformed confessions and catechisms of the sixteenth and seventeenth centuries / |
| Statement of responsibility, etc | Yuzo Adhinarta. |
| 260 ## - PUBLICATION, DISTRIBUTION, ETC. (IMPRINT) | |
| Place of publication, distribution, etc | Carlisle : |
| Name of publisher, distributor, etc | Langham Monographs, |
| Date of publication, distribution, etc | 2012. |
| 300 ## - PHYSICAL DESCRIPTION | |
| Extent | xvi, 235 p. ; |
| Dimensions | 23 cm. |
| 504 ## - BIBLIOGRAPHY, ETC. NOTE | |
| Bibliography, etc | Includes bibliographical references (p. 223-235). |
| 650 ## - SUBJECT ADDED ENTRY--TOPICAL TERM | |
| Topical term or geographic name as entry element | Holy Spirit$xHistory of doctrines |
| Chronological subdivision | 16th century. |
| 650 ## - SUBJECT ADDED ENTRY--TOPICAL TERM | |
| Topical term or geographic name as entry element | Holy Spirit$xHistory of doctrines |
| Chronological subdivision | 17th century. |
| 650 ## - SUBJECT ADDED ENTRY--TOPICAL TERM | |
| Topical term or geographic name as entry element | Reformed Church |
| General subdivision | Catechisms. |
| 650 ## - SUBJECT ADDED ENTRY--TOPICAL TERM | |
| Topical term or geographic name as entry element | Reformed Church |
| General subdivision | Creeds. |
| 942 ## - ADDED ENTRY ELEMENTS (KOHA) | |
| Source of classification or shelving scheme | Library of Congress Classification |
| Item type | Books |
| Withdrawn status | Lost status | Source of classification or shelving scheme | Damaged status | Not for loan | Home library | Current library | Shelving location | Date acquired | Source of acquisition | Cost, normal purchase price | Accession number | Total Checkouts | Full call number | Barcode | Date last seen | Price effective from | Koha item type | Copy number |
|---|---|---|---|---|---|---|---|---|---|---|---|---|---|---|---|---|---|---|
| Library of Congress Classification | BSOP Library | BSOP Library | General Circulation | 04/05/2013 | Word Alive | 656.00 | 35228 | BT121.3 Ad4d 2012 | 00042830 | 04/05/2013 | 04/05/2013 | Books | ||||||
| Library of Congress Classification | BSOP Library | BSOP Library | GC | 01/13/2015 | Langham Literature | 36815 | BT121.3 Ad4d 2012 | 00044915 | 01/13/2015 | 01/13/2015 | Books | c.2 |
